All England Law Reports : (Record no. 619452)

MARC details
000 -LEADER
fixed length control field 00435nam a2200169 a 4500
008 - FIXED-LENGTH DATA ELEMENTS--GENERAL INFORMATION
fixed length control field 260416s2001##################000#0#eng##
020 ## - INTERNATIONAL STANDARD BOOK NUMBER
ISBN 9780406934444
082 04 - DEWEY DECIMAL CLASSIFICATION NUMBER
Classification number 348.42
Item number ALL.3
100 1# - MAIN ENTRY--AUTHOR NAME
Personal name LexisNexis,
245 10 - TITLE STATEMENT
Title All England Law Reports :
260 ## - PUBLICATION, DISTRIBUTION, ETC. (IMPRINT)
Name of publisher Butterworths,
Year of publication 2001.
942 ## - ADDED ENTRY ELEMENTS (KOHA)
Koha item type English Books
Holdings
Withdrawn status Lost status Damaged status Not for loan Home library Current library Shelving location Date acquired Full call number Accession Number Price effective from Koha item type
        Anna Centenary Library Anna Centenary Library 4TH FLOOR, A WING 16.04.2026 348.42 ALL.3 400828 16.04.2026 English Books

Find us on the map